[Event "Copenhagen Chess Challenge 2010"]
[Site "Ballerup"]
[Date "2010.??.??"]
[Round "4"]
[White "Thestrup, Sixten"]
[Black "Andersen, Daniel"]
[Result "1-0"]
[WhiteElo "1930"]
[BlackElo "1948"]
[PlyCount "59"]
[EventDate "2010.??.??"]
[EventType "swiss"]
[EventRounds "9"]
[EventCountry "DEN"]

1. c4 Nf6 2. g3 g6 3. Bg2 d5 4. cxd5 Nxd5 5. Nc3 Nxc3 6. bxc3 Bg7 7. Rb1 Nc6 8.
h4 h5 9. Nh3 O-O 10. O-O Na5 11. Qc2 c5 12. Ng5 Rb8 13. d4 cxd4 14. cxd4 b6 15.
Bf4 Bf5 16. e4 Rc8 17. Qd3 Bd7 18. Rbc1 b5 19. e5 f6 20. e6 Bc6 21. Nf7 Rxf7
22. exf7+ Kxf7 23. d5 Bd7 24. d6 e5 25. Bd5+ Be6 26. Bxe6+ Kxe6 27. Qxg6 Rxc1
28. Rxc1 Bf8 29. Qg8+ Kd7 30. Qf7+ 1-0

[Event "Copenhagen Chess Challenge 2010"]
[Site "Ballerup"]
[Date "2010.??.??"]
[Round "4"]
[White "Lofberg, Jan"]
[Black "Eriksson, Christian Altenburg"]
[Result "0-1"]
[WhiteElo "1937"]
[BlackElo "2155"]
[PlyCount "92"]
[EventDate "2010.??.??"]
[EventType "swiss"]
[EventRounds "9"]
[EventCountry "DEN"]

1. d4 d5 2. e4 dxe4 3. f3 e3 4. Bxe3 g6 5. Bc4 Bg7 6. Ne2 Nf6 7. Nbc3 c6 8. Qd2
Nbd7 9. Bh6 O-O 10. g4 e5 11. Bxg7 Kxg7 12. O-O-O exd4 13. Qxd4 Qb6 14. Qf4 Qc5
15. h4 b5 16. Bb3 Qe5 17. Qd2 Re8 18. g5 Nh5 19. Ne4 c5 20. Bxf7 Kxf7 21. Nd6+
Kf8 22. Nxe8 Qxe8 23. Rhe1 Qf7 24. f4 Nb6 25. Qc3 Bf5 26. Qxc5+ Kg8 27. Nd4 Bg4
28. Nc6 Bxd1 29. Ne7+ Kh8 30. Qd4+ Ng7 31. Kxd1 Re8 32. Qe5 Nc8 33. Qf6 Rxe7
34. Rxe7 Qxe7 35. Qc3 Qd6+ 36. Ke2 Ne7 37. Qf6 Qe6+ 38. Kd3 Kg8 39. h5 Qd7+ 40.
Ke2 Nxh5 41. Qe5 Ng3+ 42. Kf3 Nef5 43. Qb8+ Kf7 44. Qe5 Qd1+ 45. Kg2 Qf1+ 46.
Kh2 Qh1# 0-1

[Event "Copenhagen Chess Challenge 2010"]
[Site "Ballerup"]
[Date "2010.??.??"]
[Round "4"]
[White "Marshall, Michael"]
[Black "Reppen, Ellisiv"]
[Result "0-1"]
[WhiteElo "1906"]
[BlackElo "1944"]
[PlyCount "64"]
[EventDate "2010.??.??"]
[EventType "swiss"]
[EventRounds "9"]
[EventCountry "DEN"]

1. d4 Nf6 2. Nf3 g6 3. Nc3 d5 4. Bf4 c6 5. e3 Bg7 6. Be2 O-O 7. h4 Bg4 8. Ne5
Bxe2 9. Qxe2 Nbd7 10. g4 Re8 11. O-O-O a5 12. h5 a4 13. hxg6 fxg6 14. f3 a3 15.
b3 Qa5 16. Qd3 c5 17. Nxd7 Nxd7 18. Nxd5 Rac8 19. c4 cxd4 20. exd4 Qxd5 21. Kb1
Qf7 22. Bd2 e5 23. Bc3 exd4 24. Bxd4 Bxd4 25. Qxd4 Nf6 26. Rhe1 Rxe1 27. Rxe1
Re8 28. Rxe8+ Nxe8 29. Qc3 Qg7 30. Qc2 Qb2+ 31. Qxb2 axb2 32. Kxb2 h5 0-1

[Event "Copenhagen Chess Challenge 2010"]
[Site "Ballerup"]
[Date "2010.??.??"]
[Round "4"]
[White "Knudsen, Jes West"]
[Black "Hauge, Lars Oskar"]
[Result "0-1"]
[WhiteElo "1938"]
[BlackElo "1823"]
[PlyCount "110"]
[EventDate "2010.??.??"]
[EventType "swiss"]
[EventRounds "9"]
[EventCountry "DEN"]

1. e4 c5 2. b4 cxb4 3. Bb2 d5 4. exd5 Qxd5 5. d4 e6 6. Nf3 Nf6 7. Nbd2 Be7 8.
a3 bxa3 9. Bxa3 Bxa3 10. Rxa3 O-O 11. Bc4 Qd6 12. Qa1 Nc6 13. Bb3 b5 14. O-O
Rd8 15. c3 a5 16. Re1 Rb8 17. Ne5 Bb7 18. Nxf7 Kxf7 19. Rxe6 Qxe6 20. Bxe6+
Kxe6 21. Qa2+ Ke7 22. Nf3 Re8 23. Ng5 Kd6 24. Qd2 Kc7 25. h3 Rbd8 26. Qf4+ Kb6
27. Rb3 Nd5 28. Qc1 a4 29. Rb1 Rc8 30. Nf7 Re6 31. Qa3 Na7 32. Ne5 Rxc3 33. Qf8
Nc6 34. Nd7+ Ka6 35. Nc5+ Rxc5 36. Qxc5 Na7 37. g3 Rc6 38. Qf8 g6 39. Re1 Nc3
40. Kh2 Rb6 41. Qe7 Ne4 42. Rxe4 Bxe4 43. Qxe4 b4 44. d5 Ka5 45. Qc4 Nb5 46.
Qd3 a3 47. Qb3 Nc3 48. d6 Rxd6 49. Qf7 a2 50. Qa7+ Ra6 51. Qc7+ Ka4 52. Qd7+
Kb3 53. Qf7+ Kb2 54. Qf4 a1=Q 55. Qxb4+ Kc2 0-1

[Event "Copenhagen Chess Challenge 2010"]
[Site "Ballerup"]
[Date "2010.??.??"]
[Round "4"]
[White "Kallen, Jonas"]
[Black "Christensen, Casper"]
[Result "1-0"]
[WhiteElo "1893"]
[BlackElo "1893"]
[PlyCount "113"]
[EventDate "2010.??.??"]
[EventType "swiss"]
[EventRounds "9"]
[EventCountry "DEN"]

1. c4 g6 2. g3 Bg7 3. Bg2 Nf6 4. Nc3 O-O 5. e4 d6 6. Nge2 c5 7. O-O Nc6 8. d4
cxd4 9. Nxd4 Bd7 10. Nb3 b6 11. Bf4 Qc8 12. Rc1 Bh3 13. Nd5 Bxg2 14. Kxg2 Qb7
15. Re1 Nh5 16. Qd2 Nxf4+ 17. Nxf4 Ne5 18. Qe2 Rac8 19. Nd2 Qa6 20. b3 Nc6 21.
Nf3 Rfe8 22. Qd2 Bh6 23. g4 Ne5 24. h4 Nxg4 25. Ng5 Nf6 26. f3 b5 27. cxb5 Qxb5
28. Rxc8 Rxc8 29. Nd5 Nxd5 30. Qxd5 Qxd5 31. exd5 Rc2+ 32. Kf1 Bf8 33. Re2 Rc3
34. Kf2 Rd3 35. Rc2 Rxd5 36. a4 h6 37. Ne4 f5 38. Ng3 Kf7 39. Rc7 Bg7 40. Ke2
a5 41. f4 Rd4 42. h5 Bf6 43. Ra7 Bh4 44. hxg6+ Kxg6 45. Nxf5 Kxf5 46. Rxa5+
Kxf4 47. Rb5 Ke4 48. a5 Rd5 49. Rb4+ Kf5 50. Rxh4 Kg5 51. Ra4 Rb5 52. a6 Rb8
53. a7 Ra8 54. b4 h5 55. b5 h4 56. b6 h3 57. b7 1-0

[Event "Copenhagen Chess Challenge 2010"]
[Site "Ballerup"]
[Date "2010.??.??"]
[Round "5"]
[White "Danielsen, Henrik"]
[Black "Haub, Thorsten Michael"]
[Result "1/2-1/2"]
[WhiteElo "2494"]
[BlackElo "2508"]
[PlyCount "73"]
[EventDate "2010.??.??"]
[EventType "swiss"]
[EventRounds "9"]
[EventCountry "DEN"]

1. g3 g6 2. c4 Bg7 3. Bg2 f5 4. d4 Nf6 5. Nf3 O-O 6. b4 c6 7. Bb2 d5 8. Nbd2
Ne4 9. O-O Nd7 10. a4 Ndf6 11. c5 Nxd2 12. Qxd2 Ne4 13. Qc1 Bd7 14. Ne5 a5 15.
f3 Nf6 16. bxa5 Qxa5 17. Bc3 Qc7 18. a5 Be6 19. Qe3 Bf7 20. Rfb1 Nd7 21. Nd3
Rfe8 22. f4 Nf6 23. Rb6 Ne4 24. Nb4 Red8 25. Qc1 Be8 26. e3 Bf6 27. Qb2 Ra7 28.
a6 bxa6 29. Raxa6 Rxa6 30. Nxa6 Qd7 31. Rb7 Qe6 32. Nc7 Qc8 33. Ra7 Nxc3 34.
Nxe8 Rxe8 35. Qxc3 Qe6 36. Qb3 Kg7 37. Bf1 1/2-1/2

[Event "Copenhagen Chess Challenge 2010"]
[Site "Ballerup"]
[Date "2010.??.??"]
[Round "5"]
[White "Smith, Axel"]
[Black "Brynell, Stellan"]
[Result "0-1"]
[WhiteElo "2408"]
[BlackElo "2479"]
[PlyCount "100"]
[EventDate "2010.??.??"]
[EventType "swiss"]
[EventRounds "9"]
[EventCountry "DEN"]

1. e4 e6 2. d4 d5 3. Nc3 Nf6 4. e5 Nfd7 5. f4 c5 6. Nf3 Nc6 7. Be3 cxd4 8. Nxd4
Bc5 9. Qd2 O-O 10. O-O-O a6 11. Nb3 b6 12. Qf2 Qe7 13. Bd3 Bb7 14. Rhf1 Rac8
15. g4 Rfd8 16. g5 Nb4 17. Bxh7+ Kxh7 18. Qh4+ Kg8 19. Rf3 Qe8 20. Bxc5 bxc5
21. Rh3 Kf8 22. a3 d4 23. axb4 dxc3 24. bxc5 Nxc5 25. Rxc3 Nxb3+ 26. Rxb3 Rxd1+
27. Kxd1 Be4 28. Qh8+ Ke7 29. Qxe8+ Kxe8 30. c3 Kd7 31. Rb6 a5 32. Ke2 Bd5 33.
Kd3 a4 34. Rb4 Bc6 35. Kd4 Kc7 36. Kc5 Ra8 37. h4 g6 38. Kd4 Rd8+ 39. Kc5 Rd5+
40. Kc4 Be8 41. f5 Rxe5 42. fxg6 fxg6 43. Kd3 Bc6 44. Rf4 Rf5 45. Rb4 e5 46.
Ke3 Rf3+ 47. Ke2 Rh3 48. Kf2 e4 49. Kg2 Rxh4 50. Kg3 Rh8 0-1

[Event "Copenhagen Chess Challenge 2010"]
[Site "Ballerup"]
[Date "2010.??.??"]
[Round "5"]
[White "Andersen, Mads"]
[Black "Tikkanen, Hans"]
[Result "0-1"]
[WhiteElo "2331"]
[BlackElo "2465"]
[PlyCount "232"]
[EventDate "2010.??.??"]
[EventType "swiss"]
[EventRounds "9"]
[EventCountry "DEN"]

1. e4 e5 2. Nf3 Nc6 3. Bb5 Nf6 4. O-O Nxe4 5. d4 Nd6 6. Bxc6 dxc6 7. dxe5 Nf5
8. Qxd8+ Kxd8 9. Nc3 Ne7 10. h3 Ng6 11. b3 Be7 12. Bb2 h5 13. Rad1+ Ke8 14.
Rfe1 h4 15. Ne4 Be6 16. Nd4 Rh5 17. Nxe6 fxe6 18. Nd2 a5 19. a4 Rd8 20. Nf3 Rd5
21. c4 Rxd1 22. Rxd1 c5 23. Bc3 b6 24. Kh2 Nf4 25. Bb2 Rf5 26. Bc1 Ne2 27. Be3
Nc3 28. Re1 g5 29. Bd2 Na2 30. Kg1 Kf7 31. Re4 Kg6 32. Kf1 Nb4 33. Bxb4 axb4
34. Ke2 Rf8 35. g4 hxg3 36. fxg3 Rh8 37. Ng1 Bf8 38. g4 Bg7 39. Re3 Rf8 40. Nf3
Rh8 41. Ne1 Rf8 42. Nd3 Rd8 43. Kf3 Rd4 44. Kg3 Bh6 45. Ne1 Rd1 46. Nf3 Kf7 47.
Kf2 Ke7 48. Ke2 Rh1 49. Kf2 Rd1 50. Ke2 Rh1 51. Nd2 Bg7 52. Nf1 Bxe5 53. Rxe5
Rxh3 54. Re3 Rh4 55. Kf3 Rh8 56. Kg3 Rd8 57. Nh2 Rd1 58. Nf3 Kf6 59. Ne1 Rb1
60. Kf2 Rb2+ 61. Kf3 Rb1 62. Ke4 Rb2 63. Nf3 Rg2 64. Ne5 Ke7 65. Kf3 Rb2 66.
Kg3 Rc2 67. Rd3 Kf6 68. Nf3 Rc3 69. Ne1 Ke5 70. Kf3 Rxd3+ 71. Nxd3+ Kd4 72. Nf2
Kc3 73. Ne4+ Kxb3 74. Nxg5 Kxc4 75. Ke3 Kd5 76. Ne4 Ke5 77. g5 Kf5 78. Kd3 e5
79. Nxc5 bxc5 80. a5 e4+ 81. Kc2 e3 82. a6 b3+ 83. Kxb3 e2 84. a7 e1=Q 85. a8=Q
Qb1+ 86. Kc3 Qb4+ 87. Kc2 Qc4+ 88. Kb2 Qd4+ 89. Kc2 Kxg5 90. Qg8+ Kf6 91. Qf8+
Ke6 92. Qe8+ Kd6 93. Qf8+ Kc6 94. Qf3+ Kb6 95. Qb3+ Ka5 96. Qg8 Qe4+ 97. Kc1 c4
98. Qh8 Qe3+ 99. Kc2 Qd3+ 100. Kc1 Qe3+ 101. Kc2 Qe4+ 102. Kc1 Qc6 103. Kc2 c3
104. Qe5+ Ka6 105. Qe2+ Kb7 106. Qe5 Qa4+ 107. Kd3 Qa6+ 108. Kc2 Qa2+ 109. Kd3
Qa6+ 110. Kc2 Qa4+ 111. Kc1 Qa1+ 112. Kc2 Qb2+ 113. Kd3 Qb1+ 114. Kc4 c2 115.
Qd5+ Ka7 116. Qd4+ Qb6 0-1

[Event "Copenhagen Chess Challenge 2010"]
[Site "Ballerup"]
[Date "2010.??.??"]
[Round "5"]
[White "De Verdier, Michael"]
[Black "Bromann, Thorbjorn"]
[Result "1/2-1/2"]
[WhiteElo "2286"]
[BlackElo "2435"]
[PlyCount "38"]
[EventDate "2010.??.??"]
[EventType "swiss"]
[EventRounds "9"]
[EventCountry "DEN"]

1. Nf3 e6 2. c4 f5 3. d4 Nf6 4. e3 d5 5. Bd3 c6 6. O-O Bd6 7. b3 Qe7 8. Bb2 O-O
9. Qc1 b6 10. Ba3 Ne4 11. Bxd6 Qxd6 12. Qa3 c5 13. cxd5 exd5 14. Rd1 Nd7 15.
Nbd2 Qf6 16. Rac1 a6 17. dxc5 bxc5 18. Qa5 Bb7 19. b4 Nc3 1/2-1/2

[Event "Copenhagen Chess Challenge 2010"]
[Site "Ballerup"]
[Date "2010.??.??"]
[Round "5"]
[White "Mikkelsen, Nikolaj"]
[Black "Skousen, Nikolai"]
[Result "1-0"]
[WhiteElo "2388"]
[BlackElo "2317"]
[PlyCount "93"]
[EventDate "2010.??.??"]
[EventType "swiss"]
[EventRounds "9"]
[EventCountry "DEN"]

1. e4 Nc6 2. Nf3 d6 3. d4 Bg4 4. Be2 e5 5. c3 g6 6. O-O Bg7 7. dxe5 Bxf3 8.
Bxf3 Nxe5 9. Be2 Nf6 10. Qb3 Qc8 11. f4 Ned7 12. Bf3 O-O 13. Be3 c6 14. Nd2 Qc7
15. a4 b6 16. Bf2 Rfe8 17. Rfe1 Rac8 18. Qc2 a5 19. Rad1 Bf8 20. Bd4 Bg7 21.
Nc4 d5 22. exd5 cxd5 23. Ne5 Nc5 24. Bxc5 Qxc5+ 25. Qf2 Red8 26. Rd3 Ne4 27.
Bxe4 dxe4 28. Qxc5 bxc5 29. Rxd8+ Rxd8 30. Rxe4 g5 31. Nc4 f5 32. Re1 gxf4 33.
Kf2 Kf7 34. Nxa5 Ra8 35. Nb3 c4 36. Nc5 Bf8 37. Nd7 Bd6 38. Ne5+ Bxe5 39. Rxe5
Kf6 40. Rc5 Rxa4 41. Kf3 Kg5 42. h4+ Kxh4 43. Rxf5 Ra2 44. Kxf4 Rxb2 45. Kf3 h5
46. g3+ Kh3 47. Rxh5# 1-0

[Event "Copenhagen Chess Challenge 2010"]
[Site "Ballerup"]
[Date "2010.??.??"]
[Round "5"]
[White "Bejtovic, Jasmin"]
[Black "Matthiesen, Martin"]
[Result "1/2-1/2"]
[WhiteElo "2384"]
[BlackElo "2290"]
[PlyCount "95"]
[EventDate "2010.??.??"]
[EventType "swiss"]
[EventRounds "9"]
[EventCountry "DEN"]

1. e4 c5 2. Nc3 d6 3. g3 Nc6 4. Bg2 g6 5. d3 Bg7 6. f4 e6 7. Nf3 Nge7 8. O-O
O-O 9. Be3 Nd4 10. e5 Bd7 11. exd6 Nef5 12. Bf2 Nxd6 13. Ne5 Rc8 14. a4 b6 15.
a5 Nc6 16. axb6 axb6 17. Re1 Nf5 18. Nc4 Nb4 19. Ne4 Bc6 20. Ne5 Bd5 21. c3 Nc6
22. Nf3 Nce7 23. Qe2 Qc7 24. Rad1 Rfd8 25. g4 Nd6 26. Bh4 Nxe4 27. dxe4 Bc6 28.
f5 Rxd1 29. Rxd1 gxf5 30. exf5 Nd5 31. Bg3 Qe7 32. fxe6 Qxe6 33. Qxe6 fxe6 34.
Re1 Nf6 35. h3 Ne4 36. Ne5 Bxe5 37. Bxe5 Nd2 38. Bxc6 Rxc6 39. Kg2 Nc4 40. b3
Nxe5 41. Rxe5 Rd6 42. Kf3 Kf7 43. Re3 b5 44. Re5 Rd3+ 45. Re3 Rd6 46. Re5 Rd3+
47. Re3 Rd6 48. Re5 1/2-1/2

[Event "Copenhagen Chess Challenge 2010"]
[Site "Ballerup"]
[Date "2010.??.??"]
[Round "5"]
[White "Berg, Klaus"]
[Black "Westerinen, Heikki"]
[Result "1/2-1/2"]
[WhiteElo "2428"]
[BlackElo "2347"]
[PlyCount "26"]
[EventDate "2010.??.??"]
[EventType "swiss"]
[EventRounds "9"]
[EventCountry "DEN"]

1. c4 Nf6 2. Nc3 g6 3. g3 Bg7 4. Bg2 O-O 5. e4 c5 6. d3 Nc6 7. Nge2 a6 8. O-O
Rb8 9. a4 Ne8 10. Be3 Nd4 11. Rb1 d6 12. b4 Nc7 13. Qd2 Bg4 1/2-1/2

[Event "Copenhagen Chess Challenge 2010"]
[Site "Ballerup"]
[Date "2010.??.??"]
[Round "5"]
[White "Carstensen, Jacob"]
[Black "Hector, Jonny"]
[Result "1/2-1/2"]
[WhiteElo "2295"]
[BlackElo "2582"]
[PlyCount "68"]
[EventDate "2010.??.??"]
[EventType "swiss"]
[EventRounds "9"]
[EventCountry "DEN"]

1. d4 d5 2. c4 c6 3. Nf3 Nf6 4. Nc3 dxc4 5. a4 Bf5 6. e3 e6 7. Bxc4 Bb4 8. O-O
Nbd7 9. Qb3 Qe7 10. Bd2 a5 11. Rfe1 Bg4 12. Na2 Bd6 13. e4 Bxf3 14. Qxf3 e5 15.
d5 cxd5 16. exd5 e4 17. Qh3 O-O 18. Nc3 Qe5 19. Rad1 Rac8 20. Bb5 Nc5 21. Be3
Nb3 22. g3 Nc5 23. Qh4 Qf5 24. Qg5 Qh3 25. Bf1 Qd7 26. Bb5 Qd8 27. Qh4 Be5 28.
Bxc5 Rxc5 29. Nxe4 Rxd5 30. Nxf6+ Bxf6 31. Rxd5 Qxd5 32. Qe4 Qc5 33. Qxb7 Bxb2
34. Qe7 Bd4 1/2-1/2

[Event "Copenhagen Chess Challenge 2010"]
[Site "Ballerup"]
[Date "2010.??.??"]
[Round "5"]
[White "Grabarczyk, Miroslaw"]
[Black "Kristensen, Kaare Hove"]
[Result "1-0"]
[WhiteElo "2450"]
[BlackElo "2258"]
[PlyCount "77"]
[EventDate "2010.??.??"]
[EventType "swiss"]
[EventRounds "9"]
[EventCountry "DEN"]

1. d4 d5 2. c4 e6 3. Nf3 c5 4. cxd5 exd5 5. g3 Nc6 6. Bg2 Nf6 7. O-O Be7 8. Nc3
O-O 9. Bg5 c4 10. Ne5 Be6 11. Nxc6 bxc6 12. b3 Qa5 13. Na4 Rfd8 14. Qd2 Qxd2
15. Bxd2 Rab8 16. bxc4 dxc4 17. Rab1 Bd5 18. f3 h6 19. Ba5 Re8 20. e4 Be6 21.
Nc3 Rxb1 22. Rxb1 Bd8 23. Bxd8 Rxd8 24. Rd1 Ne8 25. Kf2 Nc7 26. Ke3 Nb5 27.
Nxb5 cxb5 28. d5 Kf8 29. Kd4 Ke7 30. f4 Bd7 31. a3 Rc8 32. Rc1 f6 33. e5 Bf5
34. a4 a6 35. d6+ Kd7 36. Bb7 Rb8 37. Bxa6 b4 38. Bb5+ Kd8 39. Rxc4 1-0

[Event "Copenhagen Chess Challenge 2010"]
[Site "Ballerup"]
[Date "2010.??.??"]
[Round "5"]
[White "Brondt, Nicolai Kvist"]
[Black "Skovgaard, Peter Nicolai"]
[Result "0-1"]
[WhiteElo "2087"]
[BlackElo "2307"]
[PlyCount "56"]
[EventDate "2010.??.??"]
[EventType "swiss"]
[EventRounds "9"]
[EventCountry "DEN"]

1. Nf3 Nf6 2. c4 e6 3. g3 d5 4. d4 dxc4 5. Qa4+ Nbd7 6. Qxc4 a6 7. a4 b6 8. Bg2
Bb7 9. O-O c5 10. Rd1 Rc8 11. Nc3 cxd4 12. Qxd4 Bc5 13. Qd3 Ng4 14. e3 Bxf3 15.
Bxf3 Nge5 16. Qe2 Nxf3+ 17. Qxf3 Qc7 18. e4 Ne5 19. Qe2 Qb7 20. Bf4 Nc6 21. Qg4
O-O 22. Bd6 Rfd8 23. Bxc5 bxc5 24. Qe2 Nd4 25. Qc4 Qxb2 26. Kg2 Nc2 27. Qxc5
Nxa1 28. Qc7 Rf8 0-1

[Event "Copenhagen Chess Challenge 2010"]
[Site "Ballerup"]
[Date "2010.??.??"]
[Round "5"]
[White "Stigar, Petter"]
[Black "Rostgaard, Tobias Valentin"]
[Result "1-0"]
[WhiteElo "2281"]
[BlackElo "2037"]
[PlyCount "68"]
[EventDate "2010.??.??"]
[EventType "swiss"]
[EventRounds "9"]
[EventCountry "DEN"]

1. Nf3 Nf6 2. c4 c5 3. Nc3 Nc6 4. g3 e5 5. Bg2 g6 6. d3 Bg7 7. Bg5 h6 8. Bxf6
Bxf6 9. Rb1 O-O 10. a3 a5 11. O-O d6 12. Ne1 Bg7 13. Nc2 a4 14. b4 axb3 15.
Rxb3 Na5 16. Rb1 Rb8 17. Qd2 Be6 18. Rb5 Bd7 19. Rb2 Bc6 20. Rfb1 Bxg2 21. Kxg2
f5 22. Nd5 Rf7 23. Rb6 Nc6 24. a4 Qc8 25. Na3 g5 26. Nb5 Bf8 27. Nbc3 Be7 28.
Nxe7+ Rxe7 29. Qe3 Ra8 30. Qf3 Kg7 31. Qd5 Rd7 32. Qe6 Nb4 33. Qxf5 Qc7 34. Nb5
Rf7 1-0

[Event "Copenhagen Chess Challenge 2010"]
[Site "Ballerup"]
[Date "2010.??.??"]
[Round "5"]
[White "Rosenkilde, Alexander"]
[Black "Semcesen, Daniel"]
[Result "0-1"]
[WhiteElo "2207"]
[BlackElo "2424"]
[PlyCount "90"]
[EventDate "2010.??.??"]
[EventType "swiss"]
[EventRounds "9"]
[EventCountry "DEN"]

1. d4 d5 2. c4 dxc4 3. e3 e5 4. Bxc4 exd4 5. exd4 Bd6 6. Nf3 Nf6 7. O-O O-O 8.
h3 Nc6 9. Nc3 h6 10. Qc2 Na5 11. Bd3 Nc6 12. a3 Be6 13. Re1 Re8 14. Bd2 Qd7 15.
Nb5 Rad8 16. Rad1 a6 17. Nxd6 Qxd6 18. Qc1 Bb3 19. Bf4 Qd5 20. Rd2 Rxe1+ 21.
Qxe1 Re8 22. Re2 Rxe2 23. Qxe2 Qd8 24. g4 Bd5 25. g5 hxg5 26. Bxg5 Bxf3 27.
Qxf3 Nxd4 28. Qg3 Ne6 29. h4 Qd4 30. Bc1 Nh5 31. Qf3 Nhf4 32. Bf1 c6 33. b4 Ng6
34. h5 Ne5 35. Qg2 Qd1 36. Bb2 Qxh5 37. f4 Nxf4 38. Qg3 Qg4 39. Qxg4 Nxg4 40.
Bc1 Ne6 41. Be2 Nf6 42. Be3 Nd5 43. Bd2 Kf8 44. Kf2 Ke7 45. Kf3 Nd4+ 0-1

[Event "Copenhagen Chess Challenge 2010"]
[Site "Ballerup"]
[Date "2010.??.??"]
[Round "5"]
[White "Nilssen, John Arni"]
[Black "Veng, Johny"]
[Result "0-1"]
[WhiteElo "2372"]
[BlackElo "2237"]
[PlyCount "68"]
[EventDate "2010.??.??"]
[EventType "swiss"]
[EventRounds "9"]
[EventCountry "DEN"]

1. d4 Nf6 2. c4 g6 3. Nc3 Bg7 4. e4 d6 5. Be2 O-O 6. Bg5 Na6 7. f4 c6 8. Bf3
Nc7 9. Nge2 Bg4 10. O-O Bxf3 11. Rxf3 d5 12. cxd5 cxd5 13. e5 Ne4 14. Bh4 f5
15. Rd3 Qd7 16. Qb3 e6 17. a4 Rfc8 18. Nd1 Na6 19. Ne3 Rc6 20. a5 Rac8 21. Be1
Bh6 22. g4 Qe7 23. Kh1 Kh8 24. gxf5 gxf5 25. Ng2 Rc2 26. Nc3 Rxg2 27. Kxg2 Rg8+
28. Bg3 Bxf4 29. Ne2 Bh6 30. Rf1 Nd2 31. Qa3 Qh4 32. Rxd2 Bxd2 33. Kf2 Qe4 34.
Rg1 Nb4 0-1

[Event "Copenhagen Chess Challenge 2010"]
[Site "Ballerup"]
[Date "2010.??.??"]
[Round "5"]
[White "Olsen, Aage"]
[Black "Hove, Esben Kjems"]
[Result "0-1"]
[WhiteElo "2095"]
[BlackElo "2269"]
[PlyCount "66"]
[EventDate "2010.??.??"]
[EventType "swiss"]
[EventRounds "9"]
[EventCountry "DEN"]

1. e4 c6 2. d4 d5 3. exd5 cxd5 4. Nf3 Nf6 5. c4 e6 6. Nc3 Be7 7. a3 O-O 8. Bd3
dxc4 9. Bxc4 Nbd7 10. O-O Nb6 11. Bd3 Nbd5 12. Ne5 b6 13. Bb5 Bb7 14. Bc6 Bxc6
15. Nxc6 Qc7 16. Nxd5 Nxd5 17. Ne5 Rac8 18. Qg4 Bd6 19. Re1 Qe7 20. Bh6 f6 21.
Bxg7 Qxg7 22. Qxe6+ Kh8 23. Qxd5 Rcd8 24. Qe4 fxe5 25. dxe5 Bc5 26. Re2 Rd4 27.
Qc2 Rg4 28. g3 Rxg3+ 29. hxg3 Qxg3+ 30. Kf1 Qh3+ 31. Ke1 Qh1+ 32. Kd2 Qxa1 33.
f4 Qf1 0-1

[Event "Copenhagen Chess Challenge 2010"]
[Site "Ballerup"]
[Date "2010.??.??"]
[Round "5"]
[White "Both, Erik"]
[Black "Tandrup, Michael"]
[Result "1-0"]
[WhiteElo "2188"]
[BlackElo "1954"]
[PlyCount "71"]
[EventDate "2010.??.??"]
[EventType "swiss"]
[EventRounds "9"]
[EventCountry "DEN"]

1. e4 c5 2. Nf3 Nc6 3. Bb5 g6 4. O-O Bg7 5. c3 a6 6. Bxc6 bxc6 7. d3 d6 8. h3
Nf6 9. Be3 O-O 10. Qd2 Nd7 11. Bh6 Re8 12. Bxg7 Kxg7 13. Nh2 e5 14. Na3 Nf8 15.
f4 f6 16. Qf2 Qe7 17. Nc4 Be6 18. Ne3 exf4 19. Qxf4 Nd7 20. Rad1 d5 21. Neg4
dxe4 22. dxe4 g5 23. Qf2 h5 24. Ne3 Ne5 25. Nf3 Nc4 26. b3 Nxe3 27. Qxe3 Bd5
28. e5 Bxf3 29. Qxf3 Qxe5 30. Qxc6 Qxc3 31. Rd7+ Kg6 32. Rd6 Rf8 33. Qe4+ Kh6
34. Rd7 Rh8 35. Qe7 h4 36. Rxf6+ 1-0

[Event "Copenhagen Chess Challenge 2010"]
[Site "Ballerup"]
[Date "2010.??.??"]
[Round "5"]
[White "Langmyhr, Tore"]
[Black "Akdag, Dara Sevkan"]
[Result "0-1"]
[WhiteElo "1991"]
[BlackElo "2171"]
[PlyCount "92"]
[EventDate "2010.??.??"]
[EventType "swiss"]
[EventRounds "9"]
[EventCountry "DEN"]

1. c4 Nf6 2. Nc3 g6 3. e4 d6 4. d4 Bg7 5. Be2 O-O 6. f4 c5 7. d5 e6 8. Nf3 exd5
9. cxd5 Bg4 10. O-O a6 11. a4 Bxf3 12. Bxf3 Nbd7 13. Be3 Re8 14. Bf2 Rb8 15.
Re1 h6 16. Re2 Nh7 17. Qc2 Nhf8 18. Rae1 b5 19. axb5 axb5 20. Bg3 Qc7 21. Kh1
c4 22. Nd1 b4 23. Ne3 Nb6 24. e5 b3 25. Qb1 Qc5 26. Bf2 Qb4 27. Nd1 Na4 28. Bd4
Nc5 29. Bxc5 Qxc5 30. Nc3 Qb4 31. Qc1 Nd7 32. e6 Nc5 33. exf7+ Kxf7 34. Rxe8
Rxe8 35. Rxe8 Kxe8 36. Qe3+ Kf8 37. h3 Qb7 38. Be2 Qe7 39. Qd2 Bxc3 40. Qxc3
Qxe2 41. Qf6+ Ke8 42. Qxg6+ Kd8 43. Qf6+ Qe7 44. Qh8+ Kd7 45. Qxh6 c3 46. bxc3
b2 0-1

[Event "Copenhagen Chess Challenge 2010"]
[Site "Ballerup"]
[Date "2010.??.??"]
[Round "5"]
[White "Hansen, Rasmus Agertoft"]
[Black "Brondum, Eric"]
[Result "0-1"]
[WhiteElo "1947"]
[BlackElo "2135"]
[PlyCount "84"]
[EventDate "2010.??.??"]
[EventType "swiss"]
[EventRounds "9"]
[EventCountry "DEN"]

1. d4 Nf6 2. c4 e5 3. d5 Bc5 4. Nc3 d6 5. e3 Bf5 6. Be2 Nbd7 7. a3 a5 8. Bf3 e4
9. Be2 Ne5 10. b3 Qe7 11. Bb2 O-O 12. h3 h6 13. Nb5 c6 14. dxc6 bxc6 15. Nd4
Bh7 16. h4 Bxd4 17. Bxd4 c5 18. Bc3 Nd3+ 19. Bxd3 exd3 20. Bxf6 Qxf6 21. Nf3
Be4 22. Kf1 a4 23. bxa4 Bxf3 24. gxf3 Rxa4 25. Ra2 Rxc4 26. Qxd3 Rc1+ 27. Kg2
Rxh1 28. Kxh1 Qxf3+ 29. Kg1 Rb8 30. Rd2 d5 31. e4 Qg4+ 32. Qg3 Rb1+ 33. Kh2
Qxe4 34. f3 Qf5 35. a4 Ra1 36. Rg2 Qf6 37. Qg4 c4 38. Rd2 Qe6 39. Qd4 Rxa4 40.
Qxd5 c3 41. Qd8+ Kh7 42. Qd3+ Qg6 0-1

[Event "Copenhagen Chess Challenge 2010"]
[Site "Ballerup"]
[Date "2010.??.??"]
[Round "5"]
[White "Eriksson, Christian Altenburg"]
[Black "Pallesen, Jacob"]
[Result "1-0"]
[WhiteElo "2155"]
[BlackElo "2028"]
[PlyCount "47"]
[EventDate "2010.??.??"]
[EventType "swiss"]
[EventRounds "9"]
[EventCountry "DEN"]

1. e4 c5 2. c3 Nf6 3. e5 Nd5 4. d4 cxd4 5. Nf3 Nc6 6. cxd4 e6 7. Bc4 Nb6 8. Bb3
d6 9. Qe2 d5 10. O-O Bd7 11. Nc3 a6 12. a3 Rc8 13. Rd1 Na5 14. Bc2 Nac4 15. h4
Nxa3 16. Bd3 Nac4 17. Ng5 h6 18. Qh5 hxg5 19. Qxh8 gxh4 20. b3 Nxe5 21. Ba3 Bb5
22. Qxf8+ Kd7 23. Qd6+ Ke8 24. Bxb5+ 1-0

[Event "Copenhagen Chess Challenge 2010"]
[Site "Ballerup"]
[Date "2010.??.??"]
[Round "5"]
[White "Poulsen, Iver"]
[Black "Kokholm, Daniel"]
[Result "1/2-1/2"]
[WhiteElo "2140"]
[BlackElo "1962"]
[PlyCount "97"]
[EventDate "2010.??.??"]
[EventType "swiss"]
[EventRounds "9"]
[EventCountry "DEN"]

1. e4 Nc6 2. Nf3 d6 3. d4 Nf6 4. Nc3 Bg4 5. Be2 e6 6. d5 exd5 7. exd5 Nb8 8.
Nd4 Bxe2 9. Qxe2+ Qe7 10. Be3 a6 11. Nf5 Qe5 12. Bd4 Qxe2+ 13. Kxe2 Nbd7 14.
Rhe1 g6 15. Kf1+ Kd8 16. Ne3 Bg7 17. Ne4 h6 18. h3 Ne8 19. Bxg7 Nxg7 20. Rad1
f5 21. Nd2 f4 22. Nec4 Re8 23. Na5 Rb8 24. Nf3 Rxe1+ 25. Rxe1 Nf8 26. Re4 g5
27. h4 Nh7 28. hxg5 hxg5 29. Rb4 Kc8 30. g3 fxg3 31. fxg3 Nf5 32. Kf2 Nf6 33.
Nxg5 Nxd5 34. Rb3 Kd7 35. Rf3 Nde7 36. c3 b6 37. Nb3 Rg8 38. Ne4 Kc6 39. Nc1 d5
40. Nd2 Kd6 41. Nf1 c5 42. Ne3 Nxe3 43. Kxe3 Ke6 44. Ne2 Rg4 45. Nf4+ Ke5 46.
Nd3+ Ke6 47. Nf4+ Ke5 48. Nd3+ Ke6 49. Nf4+ 1/2-1/2